Allgemeinwissen Geographie - Statistiken

Allgemein
  • Dieses Quiz wurde 537 mal gespielt
  • Das Durchschnittsergebnis liegt bei 8 aus 15
Antwortstatistiken
Frage Antwort % Korrekt
Wie heißt die rheinland-pfälzische Landeshauptstadt? Mainz
96%
In welcher italienischen Stadt wurde im 12. Jahrhundert die Rialtobrücke erbaut? Venedig
83%
Auf welchem Kontinent befindet sich die Pinnacles Wüste? Australien
69%
Der Alpenrhein trennt die Schweiz von Liechtenstein und welchem anderen Land? Österreich
67%
Was gibt es wirklich? Kaffeegürtel
65%
Wie viele Monde hat der Mars? 2
64%
Welche Planeten haben keine Monde? Merkur & Venus
54%
Welches Kennzeichen existiert nicht? I
47%
Welches Land hat den meisten Anteil an den Alpen? Österreich
44%
Mit wie vielen Vokalen schreibt man die Hauptstadt von Burkina Faso? 8
43%
In welches Gewässer mündet der Yukon River? Beringmeer
42%
Welches deutsche Bundesland hat die längste Küstenlänge? Mecklenburg-Vorpommern
38%
Wie heißt der westlichste Bundesstaat der Vereinigten Staaten? Alaska
36%
Mit welchem Land kann man die Fläche von Bayern vergleichen? Irland
33%
Welche Erdschicht ist unter der Übergangszone? Unterer Mantel
32%
Keine übereinstimmenden Quizze gefunden
Verteilung der Resultate
Anzahl Personen mit jedem Resultat
Perzentil nach korrekt beantworteten Fragen
Ihre Resultats-Entwicklung
Sie haben dieses Quiz noch nicht gespielt